[Event "Mittelfrankenliga-B2b 0506"]
[Site "Germany"]
[Date "2006.01.15"]
[Round "4.8"]
[White "Ditt, Norbert"]
[Black "Lutz, Georg"]
[Result "1-0"]
[WhiteElo "1647"]
[BlackElo "1471"]
[PlyCount "63"]
[EventDate "2005.10.16"]
[EventType "team"]
[EventRounds "9"]
[EventCountry "GER"]
[SourceTitle "EXT 2007"]
[Source "ChessBase"]
[SourceDate "2006.11.23"]
[SourceVersion "1"]
[SourceVersionDate "2006.11.23"]
[SourceQuality "1"]

1. c4 e5 2. Nc3 Nf6 3. g3 c6 4. Bg2 Bb4 5. a3 Bxc3 6. bxc3 d6 7. Nf3 Nbd7 8. d3 Nc5 9. 0-0 Bg4 10. Be3 Ne6 11. Rb1 Qd7 12. Qb3 b6 13. Rfe1 c5 14. Nxe5 dxe5 15. Bxa8 0-0 16. Bg2 Nd8 17. a4 Bh3 18. Bh1 Ng4 19. a5 Nxe3 20. fxe3 Qg4 21. axb6 axb6 22. Qc2 Qg5 23. Qc1 h5 24. e4 Qg6 25. Qe3 h4 26. Bg2 Bxg2 27. Kxg2 Ne6 28. Kh1 h3 29. Rxb6 Qg4 30. Qf3 Qg5 31. Rf1 Qd2 32. Rxe6 1-0